000 00522nam a2200181Ia 4500
005 20250326125401.0
008 250326s9999 xx 000 0 und d
037 _aTextbook
040 _aFMSL
_beng
_cFMSL
041 _aeng
_2eng
084 _aX8(A):9 M1;9
_qFMSL
100 _aRamaswamy E A
245 0 _aIndustry and labour an introduction
_cRamaswamy E A; Ramaswamy U
260 _aDelhi
_bDelhi, Oxford University
_c1981
300 _a284p
942 _cTB
_hX8(A):9 M1;9
999 _c1277803
_d1277803